|
|
|
|
| LEADER |
00937nam a2200253 a 4500 |
| 001 |
16409 |
| 003 |
BD-DhAAL |
| 008 |
090726R20061958xx b 001 0 eng d |
| 999 |
|
|
|c 8772
|d 8772
|
| 020 |
|
|
|a 9780195638554
|
| 020 |
|
|
|a 0195638557
|
| 040 |
|
|
|a DLC
|c OTU
|d OCoLC
|d DLC
|d BD-DhAAL
|
| 082 |
0 |
0 |
|a 954.0350924
|2 16
|
| 100 |
1 |
|
|a Nanda, B. R.
|q (Bal Ram),
|d 1917-
|9 40083
|
| 245 |
1 |
0 |
|a Mahatma Gandhi :
|b a biography /
|c B. P. Nanda.
|
| 260 |
|
|
|a New York ;
|a New Delhi :
|b Oxford ;
|c 1958 [REPRINTED 2006].
|
| 300 |
|
|
|a 542 pages ;
|c 22 cm.
|
| 490 |
0 |
|
|a Shapers of history
|
| 504 |
|
|
|a Includes bibliographical references and index.
|
| 541 |
1 |
|
|e 00016409
|
| 600 |
1 |
0 |
|a Gandhi,
|c Mahatma,
|d 1869-1948.
|9 40084
|
| 852 |
4 |
|
|a Ayesha Abed Library
|j General Stacks
|
| 942 |
|
|
|2 ddc
|c BK
|
| 952 |
|
|
|0 0
|1 4
|2 ddc
|4 0
|6 954_035092400000000_NAN
|7 0
|9 10630
|a BRACUL
|b BRACUL
|d 2010-06-02
|l 0
|o 954.0350924 NAN
|p 3010016409
|r 2010-06-02
|t 1
|w 2010-06-02
|y BK
|x Koha Inventory 2020
|